000 01662nam a22002417a 4500
001 8773
003 FISKH
005 20251020093703.0
008 251020b cb ||||| |||| 00| 0 eng d
020 _a9783453434547
040 _aFISKH
_bfre
_cFISKH
_dFISKH
050 _aPS3557.R5355 A86
082 _a813.54
100 _aGrisham, John
245 _aBerufung roman /
_cJohn Grisham
250 _aThis edition published in 2009
260 _aMunchen :
_bWilhelm Heyne Verlag,
_c2008
300 _a479 pages :
_c 26 cm
520 _aJohn Grisham's first legal thriller since The broker. In a crowded courtroom in Mississippi, a jury returns a shocking verdict against a chemical company accused of dumping toxic waste into a small town's water supply, causing the worst 'cancer cluster' in history. The company appeals to the Mississippi Supreme Court, whose nine justices will one day either approve the verdict or reverse it. Who are the nine? How will they vote? Can one be replaced before the case is ultimately decided? The chemical company is owned by a Wall Street predator named Carl Trudeau, and Mr. Trudeau is convinced the Court is not friendly enough. With judicial elections looming, he decides to try to purchase himself a seat on the Court. The cost is a few million dollars, a drop in the bucket for a billionaire like Mr. Trudeau. Through an intricate web of conspiracy and deceit, his political operatives recruit a young, unsuspecting candidate. They finance him, manipulate him, market him, and mold him into a potential Supreme Court justice.
650 _aChemical Industry
_vLegal Thriller
942 _2ddc
_cBK
_n0
999 _c8773
_d8773